[Event "81Âº Campeonato Brasileiro Absoluto - Fase Final 20"]
[Site "Hotel Cabo Branco AtlÃ¢ntico - Joao Pessoa/PB"]
[Date "2015.01.19"]
[Round "4"]
[Board "4"]
[White "Macedo, Maximo Iack"]
[Black "Mendonca, Mateus Nakajo"]
[Result "0-1"]
[WhiteElo "2323"]
[BlackElo "2426"]
[PlyCount "86"]
[EventDate "2015.01.17"]
[EventRounds "11"]
[EventCountry "BRA"]

1. c4 e6 2. Nc3 d5 3. d4 c6 4. cxd5 exd5 5. Bf4 Bd6 6. Bxd6 Qxd6 7. e3 Ne7 8.
Bd3 Bf5 9. Nge2 O-O 10. b4 Nd7 11. b5 Bxd3 12. Qxd3 c5 13. dxc5 Nxc5 14. Qd2
Rfd8 15. O-O Ne4 16. Nxe4 dxe4 17. Qxd6 Rxd6 18. Rfd1 Rad8 19. Rxd6 Rxd6 20.
Nd4 Kf8 21. h3 Ke8 22. Rc1 Kd7 23. Rc4 Rd5 24. g4 Nc8 25. Ra4 Kc7 26. Rc4+ Kd7
27. Ra4 Rc5 28. Kg2 Kc7 29. Kg3 Kb6 30. Rb4 Nd6 31. h4 Ka5 32. a3 Rc4 33. Rb2
Rc3 34. Kf4 Rxa3 35. Nf5 Nxf5 36. gxf5 Rc3 37. b6 axb6 38. Kxe4 b5 39. Kd5 b4
40. e4 b3 41. e5 Kb4 42. e6 fxe6+ 43. fxe6 Rc2 0-1

[Event "81Âº Campeonato Brasileiro Absoluto - Fase Final 20"]
[Site "Hotel Cabo Branco AtlÃ¢ntico - Joao Pessoa/PB"]
[Date "2015.01.19"]
[Round "4"]
[Board "5"]
[White "Andrade, Roberto Luiz Costa"]
[Black "Reis, Paulo F. Jatoba De Olivei"]
[Result "0-1"]
[WhiteElo "2216"]
[BlackElo "2387"]
[PlyCount "96"]
[EventDate "2015.01.17"]
[EventRounds "11"]
[EventCountry "BRA"]

1. e4 e6 2. d4 d5 3. Nc3 Bb4 4. e5 Ne7 5. a3 Bxc3+ 6. bxc3 b6 7. Qg4 Ng6 8. h4
h5 9. Qg3 Ba6 10. Bxa6 Nxa6 11. Bg5 Qc8 12. Qd3 Nb8 13. Ne2 Qa6 14. Ng3 Qxd3
15. cxd3 Nd7 16. Bd2 f6 17. f4 Ne7 18. O-O-O Kf7 19. Kc2 g6 20. c4 c6 21. Bb4
Nf5 22. Nxf5 gxf5 23. g3 Rhg8 24. Be1 Rac8 25. cxd5 exd5 26. Rh2 c5 27. dxc5
fxe5 28. fxe5 Rxc5+ 29. Kb3 d4 30. Bf2 Rc3+ 31. Kb2 Nxe5 32. Bxd4 Rxd3 33. Rxd3
Nxd3+ 34. Kc3 Rxg3 35. Kc4 Nf4 36. Be5 Rg4 37. Kb5 Nd5 38. Rh3 Ke6 39. Bb8 f4
40. Bxa7 Rg3 41. Rh1 Rxa3 42. Bb8 Kf5 43. Rg1 Ke4 44. Rg5 Ra5+ 45. Kc6 Ne7+ 46.
Kxb6 Rxg5 47. hxg5 h4 48. Bd6 Nc8+ 0-1

[Event "81Âº Campeonato Brasileiro Absoluto - Fase Final 20"]
[Site "Hotel Cabo Branco AtlÃ¢ntico - Joao Pessoa/PB"]
[Date "2015.01.19"]
[Round "4"]
[Board "6"]
[White "Brito, Luismar"]
[Black "Mekhitarian, Krikor Sevag"]
[Result "0-1"]
[WhiteElo "2254"]
[BlackElo "2565"]
[PlyCount "176"]
[EventDate "2015.01.17"]
[EventRounds "11"]
[EventCountry "BRA"]

1. e4 c5 2. Nf3 e6 3. d4 cxd4 4. Nxd4 Nf6 5. Nc3 d6 6. Be3 a6 7. f3 b5 8. Qd2
b4 9. Na4 Nbd7 10. Bc4 Ne5 11. Bb3 Bd7 12. O-O Rb8 13. c4 Be7 14. Nc2 O-O 15.
Bd4 Bxa4 16. Bxa4 Nxc4 17. Qd3 Qa5 18. Bb3 Ne5 19. Qe2 Nc6 20. Bf2 d5 21. exd5
Nxd5 22. Rad1 Bf6 23. Qe4 Rfd8 24. Ne3 Nxe3 25. Bxe3 Qe5 26. Bc2 g6 27. b3 Nd4
28. Bxd4 Rxd4 29. Qxe5 Bxe5 30. Rfe1 Rbd8 31. Rxd4 Bxd4+ 32. Kf1 a5 33. Rd1 e5
34. Bd3 Kg7 35. Ke2 f5 36. Rc1 Bc3 37. Rd1 Bd4 38. Rc1 Bc3 39. Rd1 Rc8 40. Ba6
Rc7 41. Rd6 Bd4 42. Bc4 a4 43. h3 axb3 44. axb3 Bc5 45. Rd5 Bd4 46. Rd6 Kh6 47.
f4 Bc5 48. Rf6 exf4 49. Rf7 Rc8 50. Kf3 Bd6 51. Rd7 Be5 52. Re7 Bd6 53. Rd7 Bb8
54. Rb7 Re8 55. Bf7 Re3+ 56. Kf2 Bd6 57. Bg8 Be7 58. Bc4 Bh4+ 59. Kg1 Re1+ 60.
Bf1 Be7 61. Kf2 Bh4+ 62. Kg1 Re4 63. Bc4 Be7 64. Kf1 Kg5 65. Rd7 Re3 66. Rd3
Re4 67. Bd5 Re5 68. Bg8 Kh6 69. Bc4 Bh4 70. Rd1 Re3 71. Bd5 Bg3 72. Bc4 Kg5 73.
Bd5 Kf6 74. Bc4 Kg5 75. Bd5 Kh4 76. Bc4 h5 77. Bd5 g5 78. Bc4 f3 79. gxf3 Rxf3+
80. Kg1 Kxh3 81. Bd5 Re3 82. Bg2+ Kh4 83. Rd4+ g4 84. Rxb4 f4 85. Bf1 f3 86.
Rb5 Re2 87. Rf5 Bf2+ 88. Kh1 Re1 0-1

[Event "81Âº Campeonato Brasileiro Absoluto - Fase Final 20"]
[Site "Hotel Cabo Branco AtlÃ¢ntico - Joao Pessoa/PB"]
[Date "2015.01.20"]
[Round "5"]
[Board "1"]
[White "Mekhitarian, Krikor Sevag"]
[Black "Umetsubo, Cesar Hidemitsu"]
[Result "1-0"]
[WhiteElo "2565"]
[BlackElo "2311"]
[PlyCount "59"]
[EventDate "2015.01.17"]
[EventRounds "11"]
[EventCountry "BRA"]

1. d4 Nf6 2. c4 e6 3. Nc3 d5 4. cxd5 exd5 5. Bg5 c6 6. Qc2 Be7 7. e3 O-O 8. Bd3
Nbd7 9. Nge2 Re8 10. O-O Nf8 11. f3 Be6 12. Rad1 Rc8 13. e4 dxe4 14. fxe4 Ng4
15. Bf4 Ng6 16. e5 Bg5 17. Bxg6 hxg6 18. Qd2 Bxf4 19. Nxf4 Qb6 20. Nxe6 Rxe6
21. Qf4 Nh6 22. Ne4 Qxb2 23. Nd6 Rc7 24. Rb1 Qxa2 25. Nxb7 Qd5 26. Nd6 Rd7 27.
Rb8+ Kh7 28. Ne4 Qxd4+ 29. Kh1 Rxe5 30. Qxh6+ 1-0

[Event "81Âº Campeonato Brasileiro Absoluto - Fase Final 20"]
[Site "Hotel Cabo Branco AtlÃ¢ntico - Joao Pessoa/PB"]
[Date "2015.01.20"]
[Round "5"]
[Board "2"]
[White "Reis, Paulo F. Jatoba De Olivei"]
[Black "Brito, Luismar"]
[Result "1/2-1/2"]
[WhiteElo "2387"]
[BlackElo "2254"]
[PlyCount "47"]
[EventDate "2015.01.17"]
[EventRounds "11"]
[EventCountry "BRA"]

1. d4 d5 2. c4 c6 3. Nc3 Nf6 4. e3 a6 5. Qc2 g6 6. Bd3 Bg7 7. Nf3 O-O 8. O-O b5
9. c5 a5 10. a3 Ba6 11. b4 Nbd7 12. a4 bxa4 13. b5 cxb5 14. Bxb5 Bxb5 15. Nxb5
Ne4 16. Bd2 Qc8 17. Qxa4 Ndxc5 18. dxc5 Bxa1 19. Rxa1 Nxd2 20. Nxd2 Qxc5 21.
Nd4 Rfc8 22. g3 Qb4 23. N2b3 Qb6 24. Nd2 1/2-1/2

[Event "81Âº Campeonato Brasileiro Absoluto - Fase Final 20"]
[Site "Hotel Cabo Branco AtlÃ¢ntico - Joao Pessoa/PB"]
[Date "2015.01.20"]
[Round "5"]
[Board "3"]
[White "Mendonca, Mateus Nakajo"]
[Black "Andrade, Roberto Luiz Costa"]
[Result "1-0"]
[WhiteElo "2426"]
[BlackElo "2216"]
[PlyCount "133"]
[EventDate "2015.01.17"]
[EventRounds "11"]
[EventCountry "BRA"]

1. d4 d5 2. c4 c6 3. Nc3 Nf6 4. Nf3 a6 5. e3 b5 6. b3 Bg4 7. h3 Bh5 8. g4 Bg6
9. Ne5 b4 10. Ne2 Nfd7 11. Nxg6 hxg6 12. Bg2 Nf6 13. a3 e6 14. axb4 Bxb4+ 15.
Bd2 Bd6 16. Ba5 Qe7 17. c5 Bc7 18. Bxc7 Qxc7 19. f4 Nbd7 20. O-O Ne4 21. g5 f5
22. Qc2 Kf7 23. Ra4 Ra7 24. Rfa1 Rha8 25. Nc1 Qb7 26. R1a3 Nb8 27. Nd3 Nd7 28.
Ne1 Qc8 29. Nf3 Qb7 30. Qc1 Ke7 31. Qa1 Ng3 32. Kh2 Ne4 33. Bf1 Qb8 34. Bxa6
Rxa6 35. Rxa6 Rxa6 36. Rxa6 Qxb3 37. Qc1 Qd3 38. Ra2 Nc3 39. Rc2 Ne4 40. Kg2
Qb3 41. Ng1 e5 42. dxe5 d4 43. exd4 Qg3+ 44. Kf1 Qd3+ 45. Kg2 Qg3+ 46. Kh1 Nf2+
47. Rxf2 Qxf2 48. e6 Nb8 49. d5 Qd4 50. dxc6 Nxc6 51. Kg2 Qe4+ 52. Nf3 Nd4 53.
Qd1 Nxe6 54. Qd6+ Kf7 55. Kg3 Qe3 56. c6 Qc3 57. Qd7+ Kf8 58. Qd6+ Kf7 59. Qd5
Ke7 60. h4 Qc1 61. Qd7+ Kf8 62. Qd6+ Kg8 63. Qxe6+ Kh7 64. h5 gxh5 65. g6+ Kh6
66. Qxf5 h4+ 67. Kg4 1-0

[Event "81Âº Campeonato Brasileiro Absoluto - Fase Final 20"]
[Site "Hotel Cabo Branco AtlÃ¢ntico - Joao Pessoa/PB"]
[Date "2015.01.20"]
[Round "5"]
[Board "4"]
[White "Fiaes, Mario Henrique Andrade"]
[Black "Macedo, Maximo Iack"]
[Result "0-1"]
[WhiteElo "2151"]
[BlackElo "2323"]
[PlyCount "86"]
[EventDate "2015.01.17"]
[EventRounds "11"]
[EventCountry "BRA"]

1. d4 d5 2. c4 e6 3. Nf3 c6 4. Qc2 dxc4 5. Qxc4 Nf6 6. g3 b5 7. Qb3 Bb7 8. Bg2
a6 9. a4 c5 10. dxc5 Nbd7 11. Be3 Nxc5 12. Bxc5 Bxc5 13. O-O Bd5 14. Qd1 Ne4
15. Nbd2 Nxd2 16. Nxd2 Bxg2 17. Kxg2 O-O 18. axb5 axb5 19. Ne4 Qb6 20. Rxa8
Rxa8 21. Qd7 Rd8 22. Qxd8+ Qxd8 23. Nxc5 Qd5+ 24. e4 Qxc5 25. Rd1 g5 26. Rd2
Qc1 27. Re2 Qb1 28. f3 Kf8 29. Kf2 Ke7 30. Rd2 Kf6 31. Ke3 h5 32. f4 gxf4+ 33.
gxf4 Qe1+ 34. Re2 Qc1+ 35. Rd2 e5 36. f5 Qc5+ 37. Kf3 Qb4 38. Re2 Qb3+ 39. Kf2
Kg5 40. Kf1 Kf4 41. Kf2 Qd1 42. Re1 Qd4+ 43. Kg2 Qd2+ 0-1

[Event "81Âº Campeonato Brasileiro Absoluto - Fase Final 20"]
[Site "Hotel Cabo Branco AtlÃ¢ntico - Joao Pessoa/PB"]
[Date "2015.01.20"]
[Round "5"]
[Board "5"]
[White "Rodrigues, Edgar"]
[Black "El Debs, Felipe De Cresce"]
[Result "0-1"]
[WhiteElo "2338"]
[BlackElo "2512"]
[PlyCount "64"]
[EventDate "2015.01.17"]
[EventRounds "11"]
[EventCountry "BRA"]

1. e4 c5 2. Nf3 g6 3. d4 cxd4 4. Nxd4 Bg7 5. Nc3 Nc6 6. Be3 Nf6 7. Bc4 O-O 8.
Bb3 e6 9. O-O d5 10. exd5 exd5 11. h3 Re8 12. Nf3 Be6 13. Nb5 Ne4 14. c3 Qd7
15. Bf4 Rac8 16. Re1 a6 17. Rxe4 dxe4 18. Qxd7 Bxd7 19. Nd6 exf3 20. Bxf7+ Kf8
21. Bxe8 Rxe8 22. Nxe8 Kxe8 23. g4 Ne7 24. Re1 Kf7 25. Bd6 Bf6 26. Be5 Bg5 27.
Bd4 h5 28. gxh5 gxh5 29. Re5 Kg6 30. Be3 Bf6 31. Rc5 Bxh3 32. Rc7 Nd5 0-1

[Event "81Âº Campeonato Brasileiro Absoluto - Fase Final 20"]
[Site "Hotel Cabo Branco AtlÃ¢ntico - Joao Pessoa/PB"]
[Date "2015.01.20"]
[Round "5"]
[Board "6"]
[White "Cavalcanti, Francisco De Assis"]
[Black "Leitao, Rafael"]
[Result "0-1"]
[WhiteElo "2151"]
[BlackElo "2636"]
[PlyCount "44"]
[EventDate "2015.01.17"]
[EventRounds "11"]
[EventCountry "BRA"]

1. Nf3 Nf6 2. c4 e6 3. d4 Bb4+ 4. Bd2 c5 5. g3 Qb6 6. a3 Bxd2+ 7. Qxd2 Nc6 8.
e3 cxd4 9. exd4 Ne4 10. Qc2 d5 11. c5 Qa5+ 12. Nbd2 e5 13. dxe5 Bg4 14. b4 Nxb4
15. Qb2 Nc2+ 16. Qxc2 Bxf3 17. Rg1 Rc8 18. Bg2 Bxg2 19. Rxg2 O-O 20. f3 Nxc5
21. Kf1 Qb5+ 22. Re2 Ne4 0-1

[Event "81Âº Campeonato Brasileiro Absoluto - Fase Final 20"]
[Site "Hotel Cabo Branco AtlÃ¢ntico - Joao Pessoa/PB"]
[Date "2015.01.21"]
[Round "6"]
[Board "1"]
[White "Umetsubo, Cesar Hidemitsu"]
[Black "Leitao, Rafael"]
[Result "0-1"]
[WhiteElo "2311"]
[BlackElo "2636"]
[PlyCount "92"]
[EventDate "2015.01.17"]
[EventRounds "11"]
[EventCountry "BRA"]

1. e4 c5 2. c3 Nf6 3. e5 Nd5 4. Nf3 e6 5. Bc4 d6 6. d4 cxd4 7. cxd4 Nc6 8. O-O
Be7 9. Qe2 O-O 10. Rd1 Na5 11. b3 Bd7 12. Bxd5 exd5 13. Nc3 Be6 14. Bf4 a6 15.
exd6 Bxd6 16. Bxd6 Qxd6 17. Qe5 Rfd8 18. h3 f6 19. Qxd6 Rxd6 20. Rac1 Rc8 21.
Kf1 Rdc6 22. Ne2 Rc2 23. Rxc2 Rxc2 24. Rd2 Rxd2 25. Nxd2 Nc6 26. a3 Bf5 27. Ke1
g5 28. b4 Bd3 29. Nb3 b6 30. Kd2 Bc4 31. Nbc1 Kf7 32. Kc3 h5 33. Ng3 Kg6 34.
Nd3 Na7 35. a4 h4 36. Nf1 Nc6 37. Ne3 Bxd3 38. Kxd3 Nxb4+ 39. Kc3 a5 40. g4 Kf7
41. Nf5 Ke6 42. f4 Nc6 43. Kd3 Ne7 44. Ne3 Kd6 45. f5 Kc6 46. Kc3 Nc8 0-1

[Event "81Âº Campeonato Brasileiro Absoluto - Fase Final 20"]
[Site "Hotel Cabo Branco AtlÃ¢ntico - Joao Pessoa/PB"]
[Date "2015.01.21"]
[Round "6"]
[Board "2"]
[White "El Debs, Felipe De Cresce"]
[Black "Cavalcanti, Francisco De Assis"]
[Result "1-0"]
[WhiteElo "2512"]
[BlackElo "2151"]
[PlyCount "55"]
[EventDate "2015.01.17"]
[EventRounds "11"]
[EventCountry "BRA"]

1. d4 Nf6 2. c4 c6 3. Nc3 d5 4. cxd5 cxd5 5. Nf3 Nc6 6. e3 e6 7. Bd3 Bd6 8. O-O
O-O 9. e4 dxe4 10. Nxe4 Be7 11. Nxf6+ Bxf6 12. Be3 Qd6 13. Be4 Rd8 14. Qc2 h6
15. Rad1 Nb4 16. Qb3 Nd5 17. Bb1 Qf8 18. Ne5 b6 19. Ng4 Be7 20. Rfe1 Bb7 21.
Bd2 Bb4 22. Bxb4 Nxb4 23. Qg3 Kh8 24. Ne5 Nd5 25. Bg6 Rdc8 26. Bxf7 Ne7 27.
Bxe6 Rc2 28. Nf7+ 1-0

[Event "81Âº Campeonato Brasileiro Absoluto - Fase Final 20"]
[Site "Hotel Cabo Branco AtlÃ¢ntico - Joao Pessoa/PB"]
[Date "2015.01.21"]
[Round "6"]
[Board "3"]
[White "Macedo, Maximo Iack"]
[Black "Rodrigues, Edgar"]
[Result "1/2-1/2"]
[WhiteElo "2323"]
[BlackElo "2338"]
[PlyCount "52"]
[EventDate "2015.01.17"]
[EventRounds "11"]
[EventCountry "BRA"]

1. d4 Nf6 2. c4 e6 3. Nc3 c5 4. d5 exd5 5. cxd5 d6 6. e4 g6 7. f4 Bg7 8. Bb5+
Nfd7 9. Nf3 O-O 10. O-O Na6 11. Kh1 Rb8 12. f5 Qe7 13. Bg5 f6 14. Be3 Nc7 15.
Bd3 g5 16. e5 Nxe5 17. Nxe5 fxe5 18. Qh5 h6 19. f6 Rxf6 20. Rxf6 Bxf6 21. Rf1
Qg7 22. Nb5 Nxd5 23. Qe8+ Qf8 24. Qg6+ Qg7 25. Qe8+ Qf8 26. Qg6+ Qg7 1/2-1/2

[Event "81Âº Campeonato Brasileiro Absoluto - Fase Final 20"]
[Site "Hotel Cabo Branco AtlÃ¢ntico - Joao Pessoa/PB"]
[Date "2015.01.21"]
[Round "6"]
[Board "4"]
[White "Andrade, Roberto Luiz Costa"]
[Black "Fiaes, Mario Henrique Andrade"]
[Result "1-0"]
[WhiteElo "2216"]
[BlackElo "2151"]
[PlyCount "81"]
[EventDate "2015.01.17"]
[EventRounds "11"]
[EventCountry "BRA"]

1. e4 e6 2. d4 d5 3. Nc3 Bb4 4. e5 c5 5. a3 Bxc3+ 6. bxc3 Ne7 7. h4 Qc7 8. h5
cxd4 9. cxd4 Qc3+ 10. Bd2 Qxd4 11. Nf3 Qb6 12. h6 g6 13. Bd3 Qc7 14. Bb4 Nd7
15. Bd6 Qa5+ 16. Kf1 Nc5 17. Qc1 Nxd3 18. Qg5 Nf5 19. Qf6 Rg8 20. Ng5 Nxe5 21.
Bxe5 Qb5+ 22. Kg1 Qd7 23. Nxh7 Qe7 24. Ng5 Nxh6 25. Rxh6 Bd7 26. Rh7 Qxf6 27.
Bxf6 Rf8 28. Rb1 b6 29. Rb3 Rc8 30. Bg7 Rg8 31. Rc3 Ke7 32. Be5 Rgf8 33. Rxc8
Bxc8 34. Bb8 Kf6 35. f4 Kf5 36. Rxf7+ Rxf7 37. Nxf7 Ke4 38. Nd6+ Kxf4 39. Nxc8+
Ke3 40. Bxa7 Kd2 41. Bxb6 1-0

[Event "81Âº Campeonato Brasileiro Absoluto - Fase Final 20"]
[Site "Hotel Cabo Branco AtlÃ¢ntico - Joao Pessoa/PB"]
[Date "2015.01.21"]
[Round "6"]
[Board "5"]
[White "Brito, Luismar"]
[Black "Mendonca, Mateus Nakajo"]
[Result "0-1"]
[WhiteElo "2254"]
[BlackElo "2426"]
[PlyCount "104"]
[EventDate "2015.01.17"]
[EventRounds "11"]
[EventCountry "BRA"]

1. e4 e6 2. d4 d5 3. Nc3 Bb4 4. e5 c5 5. a3 Bxc3+ 6. bxc3 Ne7 7. Qg4 O-O 8. Ne2
Qc7 9. Bg5 Nbc6 10. Bxe7 Nxe7 11. Kd2 Bd7 12. Ng3 f5 13. Qg5 cxd4 14. cxd4 Rac8
15. Bd3 Qc3+ 16. Ke2 Nc6 17. Rhd1 h6 18. Qh4 Qxd4 19. Qxd4 Nxd4+ 20. Kd2 f4 21.
Nf1 Rc5 22. Rab1 b6 23. Rdc1 Nc6 24. Re1 Rc8 25. Rb5 Nd4 26. Rxc5 Rxc5 27. c3
Nc6 28. g3 fxg3 29. hxg3 Ra5 30. Kc2 Rxa3 31. Kb2 Ra5 32. f4 Nd8 33. Nd2 Nb7
34. Nb3 Nc5 35. Nxc5 bxc5 36. c4 d4 37. g4 Ra6 38. g5 Rb6+ 39. Ka3 hxg5 40.
fxg5 Rb8 41. Rf1 Be8 42. Rf2 a5 43. Be2 Rb1 44. Bg4 Bd7 45. Bh5 g6 46. Bxg6 Rg1
47. Bf7+ Kg7 48. g6 Rg5 49. Rh2 Rxe5 50. Rh7+ Kf6 51. Bg8 Be8 52. Bf7 Bxf7 0-1

[Event "81Âº Campeonato Brasileiro Absoluto - Fase Final 20"]
[Site "Hotel Cabo Branco AtlÃ¢ntico - Joao Pessoa/PB"]
[Date "2015.01.21"]
[Round "6"]
[Board "6"]
[White "Mekhitarian, Krikor Sevag"]
[Black "Reis, Paulo F. Jatoba De Olivei"]
[Result "1-0"]
[WhiteElo "2565"]
[BlackElo "2387"]
[PlyCount "51"]
[EventDate "2015.01.17"]
[EventRounds "11"]
[EventCountry "BRA"]

1. e4 e6 2. d4 d5 3. Nc3 Bb4 4. e5 Ne7 5. a3 Bxc3+ 6. bxc3 b6 7. Qg4 Ng6 8. h4
h5 9. Qd1 Qd7 10. Be2 Ba6 11. Bxh5 Qb5 12. Nh3 Nxh4 13. Kd2 Ng6 14. Ng5 Nc6 15.
a4 Qc4 16. Bxg6 Rxh1 17. Bxf7+ Kd8 18. Qf3 Na5 19. Bxe6 Rd1+ 20. Qxd1 Nb3+ 21.
Ke3 Qxc3+ 22. Kf4 Nxa1 23. Qh5 Qxd4+ 24. Kg3 Qxe5+ 25. Bf4 Qc3+ 26. Nf3 1-0

[Event "81Âº Campeonato Brasileiro Absoluto - Fase Final 20"]
[Site "Hotel Cabo Branco AtlÃ¢ntico - Joao Pessoa/PB"]
[Date "2015.01.22"]
[Round "7"]
[Board "1"]
[White "Reis, Paulo F. Jatoba De Olivei"]
[Black "Umetsubo, Cesar Hidemitsu"]
[Result "1/2-1/2"]
[WhiteElo "2387"]
[BlackElo "2311"]
[PlyCount "74"]
[EventDate "2015.01.17"]
[EventRounds "11"]
[EventCountry "BRA"]

1. Nf3 Nf6 2. g3 d5 3. Bg2 c6 4. c4 Bf5 5. cxd5 cxd5 6. Qb3 Qb6 7. Nc3 Qxb3 8.
axb3 Nc6 9. d3 e6 10. Be3 h6 11. Nd4 Bg6 12. Nxc6 bxc6 13. Rxa7 Rxa7 14. Bxa7
Bb4 15. O-O Kd7 16. Ra1 Ra8 17. Ra4 c5 18. Bxc5 Rxa4 19. Nxa4 Bxc5 20. Nxc5+
Kc6 21. d4 Kb5 22. f3 Kb4 23. e4 dxe4 24. fxe4 Ng4 25. Nd3+ Kxb3 26. Nf4 Kc4
27. d5 exd5 28. exd5 Bf5 29. d6 Kc5 30. Nd5 Kxd6 31. h3 Ne5 32. Ne3 Be6 33. Bf1
Kc5 34. Nc2 Bb3 35. Ne1 Kd4 36. Kf2 f5 37. Nf3+ Nxf3 1/2-1/2

[Event "81Âº Campeonato Brasileiro Absoluto - Fase Final 20"]
[Site "Hotel Cabo Branco AtlÃ¢ntico - Joao Pessoa/PB"]
[Date "2015.01.22"]
[Round "7"]
[Board "2"]
[White "Mendonca, Mateus Nakajo"]
[Black "Mekhitarian, Krikor Sevag"]
[Result "1/2-1/2"]
[WhiteElo "2426"]
[BlackElo "2565"]
[PlyCount "117"]
[EventDate "2015.01.17"]
[EventRounds "11"]
[EventCountry "BRA"]

1. d4 Nf6 2. c4 g6 3. Nc3 d5 4. cxd5 Nxd5 5. e4 Nxc3 6. bxc3 Bg7 7. Nf3 c5 8.
Rb1 O-O 9. Be2 b6 10. O-O Qc7 11. d5 Bxc3 12. Bh6 Bg7 13. Qd2 Nd7 14. Bxg7 Kxg7
15. Qc3+ Nf6 16. Rbd1 Bb7 17. Bc4 Rad8 18. Rfe1 h6 19. Ne5 Kh7 20. f4 Kg7 21.
a4 Qc8 22. Rd2 Qc7 23. Rf2 Kh7 24. Qg3 Nh5 25. Qe3 Nf6 26. Rf3 e6 27. dxe6 fxe6
28. Bd3 Rd4 29. Rg3 Bxe4 30. Nxg6 Rfd8 31. Bb1 Bxb1 32. Qxe6 R4d6 33. Qe7+ Qxe7
34. Rxe7+ Kg8 35. Ne5+ Kf8 36. Rf7+ Ke8 37. h3 R8d7 38. Rxf6 Rxf6 39. Rg8+ Rf8
40. Rxf8+ Kxf8 41. Nxd7+ Ke7 42. Ne5 Bc2 43. a5 bxa5 44. Nc6+ Ke6 45. Nxa5 Be4
46. g4 Kd5 47. Kf2 c4 48. Ke3 Bg2 49. g5 h5 50. h4 Bh3 51. Kd2 Be6 52. Kc3 Ke4
53. Nxc4 Kxf4 54. Nd6 Kg4 55. Ne8 Kxh4 56. Ng7 Bf7 57. g6 Bxg6 58. Nxh5 Kxh5
59. Kb2 1/2-1/2

[Event "81Âº Campeonato Brasileiro Absoluto - Fase Final 20"]
[Site "Hotel Cabo Branco AtlÃ¢ntico - Joao Pessoa/PB"]
[Date "2015.01.22"]
[Round "7"]
[Board "3"]
[White "Fiaes, Mario Henrique Andrade"]
[Black "Brito, Luismar"]
[Result "0-1"]
[WhiteElo "2151"]
[BlackElo "2254"]
[PlyCount "66"]
[EventDate "2015.01.17"]
[EventRounds "11"]
[EventCountry "BRA"]

1. e4 c5 2. Nf3 d6 3. d4 cxd4 4. Nxd4 Nf6 5. Nc3 a6 6. Bg5 e6 7. Qd2 h6 8. Be3
Qc7 9. f3 h5 10. O-O-O Nbd7 11. Kb1 Rb8 12. h3 h4 13. Bg5 b5 14. Bd3 Be7 15.
Rhe1 Nb6 16. f4 b4 17. Nce2 Nc4 18. Bxc4 Qxc4 19. Ng1 Bb7 20. e5 Ne4 21. Rxe4
Bxe4 22. Bxe7 Kxe7 23. Nf5+ Kf8 24. Qxd6+ Kg8 25. Qxb8+ Kh7 26. Ne3 Bxc2+ 27.
Kc1 Qxf4 28. Qb6 Rc8 29. Re1 b3 30. a3 Qf2 31. Nf3 Be4+ 32. Kd1 Bxf3+ 33. gxf3
Qxb2 0-1

[Event "81Âº Campeonato Brasileiro Absoluto - Fase Final 20"]
[Site "Hotel Cabo Branco AtlÃ¢ntico - Joao Pessoa/PB"]
[Date "2015.01.22"]
[Round "7"]
[Board "4"]
[White "Rodrigues, Edgar"]
[Black "Andrade, Roberto Luiz Costa"]
[Result "1-0"]
[WhiteElo "2338"]
[BlackElo "2216"]
[PlyCount "155"]
[EventDate "2015.01.17"]
[EventRounds "11"]
[EventCountry "BRA"]

1. d4 d5 2. Nf3 Nf6 3. e3 Bg4 4. c4 c6 5. Qb3 Qb6 6. c5 Qxb3 7. axb3 Bxf3 8.
gxf3 e5 9. b4 e4 10. f4 Be7 11. b5 O-O 12. Bd2 Ne8 13. Nc3 Nc7 14. Be2 a6 15.
bxc6 bxc6 16. Na2 Ra7 17. Nb4 Rb7 18. Bc3 Nb5 19. Kd2 Bh4 20. Rhf1 h6 21. Nxa6
Nxa6 22. Rxa6 Nxc3 23. Kxc3 Rfb8 24. Ra2 Rb3+ 25. Kc2 Kf8 26. Kc1 Ke8 27. Bd1
R3b4 28. b3 g6 29. Kd2 Kd7 30. Ke2 Kc7 31. Bc2 R8b7 32. f3 exf3+ 33. Rxf3 f5
34. Rf1 Rb8 35. Ra3 Rf8 36. Rfa1 Rb7 37. Ra8 Rxa8 38. Rxa8 Rb8 39. Rxb8 Kxb8
40. b4 Kc7 41. Ba4 Kd7 42. b5 cxb5 43. Bxb5+ Ke7 44. Bc6 Ke6 45. Be8 g5 46. Kf3
Be1 47. Bg6 Ba5 48. Bh7 gxf4 49. exf4 Bc3 50. Ke3 Bb2 51. Bg8+ Ke7 52. Bxd5
Bc1+ 53. Kd3 Bxf4 54. h3 Kd7 55. Kc4 Be3 56. Bf3 Bf4 57. Kd5 Bg3 58. Be2 Bf2
59. Bb5+ Kc7 60. Bd3 f4 61. Be4 Bh4 62. Ke5 Bf2 63. Bf3 Kd7 64. Kd5 Kc7 65. Kc4
Bh4 66. Kd3 Bf2 67. Bg4 Bh4 68. Ke4 Bf2 69. Ke5 Kc6 70. Be6 Kc7 71. Kd5 h5 72.
Bf7 h4 73. Kc4 Bg3 74. Bh5 Be1 75. d5 Ba5 76. Kb5 Bc3 77. d6+ Kd7 78. Bg4+ 1-0

[Event "81Âº Campeonato Brasileiro Absoluto - Fase Final 20"]
[Site "Hotel Cabo Branco AtlÃ¢ntico - Joao Pessoa/PB"]
[Date "2015.01.22"]
[Round "7"]
[Board "5"]
[White "Cavalcanti, Francisco De Assis"]
[Black "Macedo, Maximo Iack"]
[Result "1/2-1/2"]
[WhiteElo "2151"]
[BlackElo "2323"]
[PlyCount "39"]
[EventDate "2015.01.17"]
[EventRounds "11"]
[EventCountry "BRA"]

1. Nf3 Nf6 2. g3 d5 3. Bg2 c5 4. O-O Nc6 5. c4 d4 6. d3 e5 7. e3 Be7 8. exd4
exd4 9. Na3 O-O 10. Nc2 Bf5 11. Re1 Qd7 12. Rb1 h6 13. b4 cxb4 14. Ne5 Nxe5 15.
Rxe5 a5 16. a3 Rfe8 17. axb4 Bxb4 18. Rxe8+ Rxe8 19. Nxb4 axb4 20. Rxb4 1/2-1/2

[Event "81Âº Campeonato Brasileiro Absoluto - Fase Final 20"]
[Site "Hotel Cabo Branco AtlÃ¢ntico - Joao Pessoa/PB"]
[Date "2015.01.22"]
[Round "7"]
[Board "6"]
[White "Leitao, Rafael"]
[Black "El Debs, Felipe De Cresce"]
[Result "1-0"]
[WhiteElo "2636"]
[BlackElo "2512"]
[PlyCount "49"]
[EventDate "2015.01.17"]
[EventRounds "11"]
[EventCountry "BRA"]

1. d4 d5 2. c4 c6 3. Nf3 Nf6 4. Qb3 dxc4 5. Qxc4 Bg4 6. Nc3 Nbd7 7. Bf4 Qa5 8.
Qb3 Qb6 9. e4 Qxb3 10. axb3 Bxf3 11. gxf3 e5 12. dxe5 Nh5 13. Be3 Nxe5 14. Ra5
b5 15. Be2 Ng6 16. Ra6 Kd7 17. O-O Nhf4 18. Rd1+ Kc7 19. Nxb5+ Kb7 20. Bc4 cxb5
21. Bxb5 Bb4 22. Bc6+ Kb8 23. Bxa8 Kxa8 24. Rxa7+ Kb8 25. Rdd7 1-0

[Event "81Âº Campeonato Brasileiro Absoluto - Fase Final 20"]
[Site "Hotel Cabo Branco AtlÃ¢ntico - Joao Pessoa/PB"]
[Date "2015.01.22"]
[Round "8"]
[Board "1"]
[White "Umetsubo, Cesar Hidemitsu"]
[Black "El Debs, Felipe De Cresce"]
[Result "0-1"]
[WhiteElo "2311"]
[BlackElo "2512"]
[PlyCount "140"]
[EventDate "2015.01.17"]
[EventRounds "11"]
[EventCountry "BRA"]

1. d4 d5 2. Nf3 Nf6 3. Bf4 c5 4. c3 e6 5. e3 Nc6 6. Nbd2 Bd6 7. Bg3 Bxg3 8.
hxg3 Qd6 9. Bb5 O-O 10. Bxc6 bxc6 11. Qc2 h6 12. Ne5 Rb8 13. f4 Ba6 14. Qa4 Bc8
15. Qa3 Qc7 16. b3 cxd4 17. cxd4 Rb6 18. Rc1 Ne8 19. O-O f6 20. Nd3 Nd6 21. Nc5
Nf5 22. Rf3 Qe7 23. g4 Nd6 24. Na4 Ra6 25. Qc5 Re8 26. Rf2 Qd8 27. Qc2 Qe7 28.
Nc5 Rb6 29. Na4 Ra6 30. Nc5 Rb6 31. Nf3 Nf7 32. Na4 Ra6 33. Nc5 Rb6 34. Na4 Ra6
35. Qg6 Nh8 36. Qh5 Qf7 37. Rfc2 Qf8 38. g5 hxg5 39. fxg5 Qf7 40. Qxf7+ Nxf7
41. gxf6 gxf6 42. Rxc6 Rxc6 43. Rxc6 Bd7 44. Ra6 Bxa4 45. Rxa4 Re7 46. Ra6 Nh6
47. Kf2 Rc7 48. Rxe6 Ng4+ 49. Kg3 Kf7 50. Ra6 Nxe3 51. Kf2 Nf5 52. g4 Rc2+ 53.
Ke1 Ne3 54. Rxa7+ Kg6 55. Re7 Nxg4 56. Re2 Rc8 57. Kd2 Kf5 58. a4 Kf4 59. Ne1
f5 60. Nd3+ Kg3 61. a5 f4 62. Re7 Nf6 63. Rg7+ Kf3 64. Ne1+ Kf2 65. Nd3+ Kf3
66. Ne5+ Ke4 67. Rf7 Nh5 68. Nd3 Kxd4 69. Rf5 Ng3 70. Nxf4 Nxf5 0-1